Pokémon - Les attaques de Héricendre - Statistiques

Statistiques générales
  • Ce quiz a été pris 52 fois
  • Le résultat moyen est 9 sur 16
Statistiques - réponses
Niveaux Types Noms des attaques % Correct
Niveau 10 Feu Flammèche
100%
Départ Normal Charge
98%
Niveau 19 Feu Roue de Feu
93%
Niveau 6 Normal Brouillard
80%
Niveau 40 Feu Lance-Flammes
80%
Départ Normal Groz'Yeux
74%
Niveau 64 Feu Éruption
65%
Niveau 13 Normal Vive-Attaque
65%
Niveau 49 Roche Roulade
59%
Niveau 55 Normal Damoclès
46%
Niveau 46 Feu Feu d'Enfer
41%
Niveau 37 Feu Ébullilave
39%
Niveau 28 Feu Nitrocharge
37%
Niveau 31 Normal Météores
30%
Niveau 58 Feu Flamme Ultime
22%
Niveau 22 Normal Boul'Armure
17%
Aucun quiz correspondant
Distribution des résultats
% des personnes avec chaque résultat
Percentile par nombre de réponses
Votre historique - résultats
Vous n’avez pas pris ce quiz